Manifesto of the communist party. (Record no. 972)

MARC details
000 -LEADER
fixed length control field 00524cam a2200205ua 4500
001 - CONTROL NUMBER
control field 1056
005 - DATE AND TIME OF LATEST TRANSACTION
control field 20260515113253.0
008 - FIXED-LENGTH DATA ELEMENTS--GENERAL INFORMATION
fixed length control field 110427n ii |||gr||||Z||||||eng
040 ## - CATALOGING SOURCE
Transcribing agency MAIN
082 ## - DEWEY DECIMAL CLASSIFICATION NUMBER
Classification number 324.2075
245 1# - TITLE STATEMENT
Title Manifesto of the communist party.
Statement of responsibility, etc. By Karl Marx.
250 ## - EDITION STATEMENT
Edition statement 1st.
260 ## - PUBLICATION, DISTRIBUTION, ETC.
Place of publication, distribution, etc. Mosco.:
Name of publisher, distributor, etc. Progress publishers.
300 ## - PHYSICAL DESCRIPTION
Extent 103 p.:0 cm.
653 ## - INDEX TERM--UNCONTROLLED
Uncontrolled term Political science.
653 ## - INDEX TERM--UNCONTROLLED
Uncontrolled term Manifesto of the communist party.
700 1# - ADDED ENTRY--PERSONAL NAME
Personal name Marx, Karl.,
700 1# - ADDED ENTRY--PERSONAL NAME
Personal name Engels, Frederick.,
942 ## - ADDED ENTRY ELEMENTS (KOHA)
Koha item type Books
Holdings
Withdrawn status Lost status Damaged status Not for loan Home library Current library Shelving location Date acquired Total checkouts Full call number Barcode Date last seen Copy number Price effective from Koha item type
        Naharkatiya College Library Naharkatiya College Library General stacks 09/19/2020   324.2075 | MAR 150 09/19/2020 1 09/19/2020 Books